[Event "Turkish Second League 2019"]
[Site "Konya"]
[Date "2019.07.25"]
[Round "5"]
[White "Goksu, Beyza"]
[Black "Gunes, Deren"]
[Result "1/2-1/2"]
[WhiteElo "1107"]
[BlackElo "1266"]
[Annotator "NA"]
[PlyCount "98"]
[EventDate "2019.07.22"]
[EventType "team-tourn"]
[EventCountry "TUR"]
[SourceTitle "playchess.com"]
[Source "ChessBase"]
[SourceQuality "1"]
[TimeControl "5400+30"]

1. c4 {[%emt 0:00:30]} c6 {[%emt 0:00:30]} 2. Nc3 {[%emt 0:00:00]} Nf6 {[%emt 0:00:30]} 3. e3 {[%emt 0:01:00]} d5 {[%emt 0:01:30]} 4. d4 {[%emt 0:00:00]} g6 {[%emt 0:01:30]} 5. Nf3 {[%emt 0:01:00]} Bg7 {[%emt 0:01:30]} 6. Be2 {[%emt 0:02:30]} O-O {[%emt 0:02:30]} 7. O-O {[%emt 0:01:30]} e6 {[%emt 0:08:30]} 8. b3 {[%emt 0:02:30]} c5 {[%emt 0:03:30]} 9. cxd5 {[%emt 0:06:30]} Nxd5 {[%emt 0:03:30]} 10. Nxd5 {[%emt 0:01:30]} exd5 {[%emt 0:07:30]} 11. Ba3 {[%emt 0:06:30]} Nd7 {[%emt 0:06:30]} 12. dxc5 {[%emt 0:24:30]} Bxa1 {[%emt 0:03:30]} 13. c6 {[%emt 0:00:30]} bxc6 {[%emt 0:02:30]} 14. Bxf8 {[%emt 0:00:30]} Bf6 {[%emt 0:00:30]} 15. Bb4 {[%emt 0:04:30]} a5 {[%emt 0:08:30]} 16. Bd2 {[%emt 0:01:30]} Ba6 {[%emt 0:04:30]} 17. Bxa6 {[%emt 0:01:30]} Rxa6 {[%emt 0:00:30]} 18. Qe2 {[%emt 0:01:30]} Qb6 {[%emt 0:04:30]} 19. e4 {[%emt 0:04:30]} Ra8 {[%emt 0:07:30]} 20. exd5 {[%emt 0:02:30]} cxd5 {[%emt 0:00:30]} 21. Rd1 {[%emt 0:01:30]} Bg7 {[%emt 0:06:30]} 22. Be3 {[%emt 0:01:30]} Qe6 {[%emt 0:03:30]} 23. Ng5 {[%emt 0:01:30]} Qc6 {[%emt 0:05:50]} 24. Qd2 {[%emt 0:03:30]} Nf6 {[%emt 0:01:36]} 25. Bd4 {[%emt 0:01:30]} Ne4 {[%emt 0:02:03]} 26. Nxe4 {[%emt 0:00:30]} dxe4 {[%emt 0:00:05]} 27. Bxg7 {[%emt 0:00:30]} Kxg7 {[%emt 0:00:04]} 28. Rc1 {[%emt 0:00:30]} Qe6 {[%emt 0:03:18]} 29. Qd4+ {[%emt 0:01:30]} Kg8 {[%emt 0:00:33]} 30. Re1 {[%emt 0:00:30]} Re8 {[%emt 0:01:45]} 31. f3 {[%emt 0:02:30]} e3 {[%emt 0:00:59]} 32. Qc3 {[%emt 0:00:30]} Qe5 {[%emt 0:00:56]} 33. Qxe5 {[%emt 0:01:30]} Rxe5 {[%emt 0:00:04]} 34. f4 {[%emt 0:00:00]} Re4 {[%emt 0:02:18]} 35. g3 {[%emt 0:01:00]} a4 {[%emt 0:03:02]} 36. Kg2 {[%emt 0:00:30]} axb3 {[%emt 0:00:52]} 37. axb3 {[%emt 0:00:30]} e2 {[%emt 0:00:50]} 38. Kf2 {[%emt 0:02:30]} Rb4 {[%emt 0:00:07]} 39. Rb1 {[%emt 0:01:30]} Re4 {[%emt 0:00:15]} 40. b4 {[%emt 0:00:30]} e1=Q+ {[%emt 0:00:57]} 41. Rxe1 {[%emt 0:00:30]} Rxb4 {[%emt 0:00:08]} 42. h4 {[%emt 0:00:30]} f5 {[%emt 0:01:06]} 43. Kf3 {[%emt 0:00:30]} Kf7 {[%emt 0:00:00]} 44. Re5 {[%emt 0:01:30]} Kf6 {[%emt 0:00:59]} 45. Re3 {[%emt 0:02:25]} h5 {[%emt 0:01:41]} 46. Re2 {[%emt 0:01:21]} Rb6 {[%emt 0:01:08]} 47. Rd2 {[%emt 0:02:25]} Re6 {[%emt 0:00:37]} 48. Rd4 {[%emt 0:00:36]} Rc6 {[%emt 0:00:52]} 49. Rd2 {[%emt 0:01:07]} Rb6 {[%emt 0:00:00]} 1/2-1/2

[Event "Turkish Second League 2019"]
[Site "Konya"]
[Date "2019.07.25"]
[Round "6"]
[White "Zarkua, Davit"]
[Black "Garayev, Kanan"]
[Result "1/2-1/2"]
[WhiteElo "2440"]
[BlackElo "2351"]
[Annotator "TA"]
[PlyCount "50"]
[EventDate "2019.07.22"]
[EventType "team-tourn"]
[EventCountry "TUR"]
[SourceTitle "playchess.com"]
[Source "ChessBase"]
[SourceQuality "1"]

{[%evp 22,50,-14,-20,-1,-7,-10,-10,-12,-9,-11,-16,0,-7,0,0,0,0,0,0,0,0,0,0,5,0,0,0,6,0,0]} 1. Nf3 Nf6 2. c4 e6 3. g3 d5 4. Bg2 dxc4 5. Qa4+ Nbd7 6. Qxc4 a6 7. Qc2 c5 8. O-O b5 9. a4 Bb7 10. axb5 axb5 11. Rxa8 Qxa8 12. Na3 {The position is equal.} Bc6 {A13: English Opening: 1...e6} 13. b3 (13. Ne1 Nd5 14. d4 Be7 15. dxc5 Nxc5 16. Bxd5 exd5 17. Nd3 Nxd3 18. Qxd3 b4 19. Nc2 O-O 20. Bd2 {½-½ (30) Van Foreest,J (2640)-Christiansen,J (2506) Pardubice 2018}) 13... Be7 14. Bb2 O-O 15. Ra1 Qb7 16. d3 Nb6 $146 ({Predecessor:} 16... Rb8 17. e4 h6 18. Ne5 Nxe5 19. Bxe5 Ra8 20. Bb2 {0-1 (33) Hold,A-Stanke,J (2215) Hamburg 1991}) 17. Nb1 c4 18. dxc4 bxc4 19. Nbd2 cxb3 20. Qxb3 Bd5 21. Qb5 Bc6 22. Qb3 Bd5 23. Qb5 Bc6 24. Qb3 Bd5 25. Qb5 Bc6 {Accuracy: White = 63%, Black = 70%.} 1/2-1/2

[Event "Turkish Second League 2019"]
[Site "Konya"]
[Date "2019.07.25"]
[Round "6"]
[White "Yilmazyerli, Mert"]
[Black "Shanava, Konstantine"]
[Result "1-0"]
[WhiteElo "2420"]
[BlackElo "2538"]
[Annotator "ChessBase"]
[PlyCount "97"]
[EventDate "2019.07.22"]
[EventType "team-tourn"]
[EventCountry "TUR"]
[SourceTitle "playchess.com"]
[Source "ChessBase"]
[SourceQuality "1"]
[TimeControl "5400+30"]

1. Nf3 {[%emt 0:01:30]} d6 {[%emt 0:00:30]} 2. d4 {[%emt 0:02:30]} Bg4 {[%emt 0:00:00]} 3. Nbd2 {[%emt 0:00:30]} g6 {[%emt 0:01:00]} 4. e4 {[%emt 0:02:30]} Bg7 {[%emt 0:00:30]} 5. h3 {[%emt 0:00:30]} Bxf3 {[%emt 0:08:30]} 6. Nxf3 {[%emt 0:04:30]} Nf6 {[%emt 0:00:00]} 7. Bd3 {[%emt 0:00:30]} O-O {[%emt 0:00:00]} 8. O-O {[%emt 0:00:30]} Nc6 {[%emt 0:00:30]} 9. c3 {[%emt 0:00:30]} e5 {[%emt 0:00:00]} 10. dxe5 {[%emt 0:02:30]} dxe5 {[%emt 0:10:00]} 11. Bg5 {[%emt 0:08:30]} h6 {[%emt 0:03:30]} 12. Bxf6 {[%emt 0:04:30]} Qxf6 {[%emt 0:02:30]} 13. Qe2 {[%emt 0:00:00]} Nd8 {[%emt 0:02:30]} 14. Rad1 {[%emt 0:04:00]} Ne6 {[%emt 0:05:30]} 15. g3 {[%emt 0:00:00]} a5 {[%emt 0:03:30]} 16. Kg2 {[%emt 0:06:00]} Nc5 {[%emt 0:02:30]} 17. Bc2 {[%emt 0:01:30]} c6 {[%emt 0:01:30]} 18. Rd2 {[%emt 0:08:30]} Qe6 {[%emt 0:06:30]} 19. Qe3 {[%emt 0:01:30]} Qc4 {[%emt 0:20:30]} 20. b3 {[%emt 0:06:30]} Qb5 {[%emt 0:01:30]} 21. Rfd1 {[%emt 0:07:30]} Rfe8 {[%emt 0:02:30]} 22. a4 {[%emt 0:06:30]} Qb6 {[%emt 0:00:30]} 23. Bd3 {[%emt 0:00:00]} Nd7 {[%emt 0:02:30]} 24. Bc4 {[%emt 0:03:00]} Qxe3 {[%emt 0:04:30]} 25. Bxf7+ {[%emt 0:00:30]} Kxf7 {[%emt 0:00:30]} 26. Rxd7+ {[%emt 0:00:30]} Re7 {[%emt 0:00:30]} 27. fxe3 {[%emt 0:00:00]} Rae8 {[%emt 0:00:30]} 28. R7d6 {[%emt 0:08:00]} Re6 {[%emt 0:00:30]} 29. Rd7+ {[%emt 0:00:30]} R6e7 {[%emt 0:01:30]} 30. Kf2 {[%emt 0:00:30]} Rxd7 {[%emt 0:00:30]} 31. Rxd7+ {[%emt 0:00:30]} Re7 {[%emt 0:00:30]} 32. Rd8 {[%emt 0:02:49]} Re8 {[%emt 0:02:03]} 33. Rxe8 {[%emt 0:01:19]} Kxe8 {[%emt 0:00:01]} 34. Ke2 {[%emt 0:00:00]} Bf6 {[%emt 0:04:02]} 35. Kd3 {[%emt 0:00:12]} Kd7 {[%emt 0:00:12]} 36. Kc4 {[%emt 0:00:16]} Kd6 {[%emt 0:01:10]} 37. b4 {[%emt 0:02:28]} axb4 {[%emt 0:02:27]} 38. cxb4 {[%emt 0:02:18]} Kc7 {[%emt 0:01:34]} 39. b5 {[%emt 0:01:31]} Kb6 {[%emt 0:00:31]} 40. a5+ {[%emt 0:09:45]} Kc7 {[%emt 0:05:36]} 41. Ne1 {[%emt 0:01:18]} cxb5+ {[%emt 0:03:16]} 42. Kxb5 {[%emt 0:00:09]} Be7 {[%emt 0:01:00]} 43. Nf3 {[%emt 0:01:55]} Kd6 {[%emt 0:00:55]} 44. Nh4 {[%emt 0:01:18]} Bg5 {[%emt 0:02:30]} 45. Nxg6 {[%emt 0:00:12]} Bxe3 {[%emt 0:00:36]} 46. Nh4 {[%emt 0:00:04]} Ke6 {[%emt 0:00:41]} 47. Nf5 {[%emt 0:00:16]} Bd2 {[%emt 0:00:41]} 48. Kb6 {[%emt 0:00:48]} Kf6 {[%emt 0:00:38]} 49. Nxh6 {[%emt 0:00:57]} 1-0

[Event "Turkish Second League 2019"]
[Site "Konya"]
[Date "2019.07.25"]
[Round "6"]
[White "Buyukasik, Diyap"]
[Black "Kara, Yanki"]
[Result "1/2-1/2"]
[WhiteElo "2268"]
[BlackElo "2193"]
[Annotator "NA"]
[PlyCount "149"]
[EventDate "2019.07.22"]
[EventType "team-tourn"]
[EventCountry "TUR"]
[SourceTitle "playchess.com"]
[Source "ChessBase"]
[SourceQuality "1"]
[TimeControl "5400+30"]

1. Nf3 {[%emt 0:00:30]} g6 {[%emt 0:00:30]} 2. c4 {[%emt 0:01:30]} Bg7 {[%emt 0:00:00]} 3. g3 {[%emt 0:00:30]} c5 {[%emt 0:00:00]} 4. Bg2 {[%emt 0:03:30]} Nc6 {[%emt 0:00:00]} 5. O-O {[%emt 0:00:30]} Nh6 {[%emt 0:01:00]} 6. Nc3 {[%emt 0:03:30]} Nf5 {[%emt 0:00:00]} 7. a3 {[%emt 0:07:30]} O-O {[%emt 0:10:00]} 8. Rb1 {[%emt 0:01:30]} a5 {[%emt 0:04:30]} 9. Ne1 {[%emt 0:08:30]} d6 {[%emt 0:17:30]} 10. Nc2 {[%emt 0:00:30]} Nfd4 {[%emt 0:00:30]} 11. Na1 {[%emt 0:01:30]} Bg4 {[%emt 0:10:30]} 12. h3 {[%emt 0:01:30]} Bd7 {[%emt 0:02:30]} 13. e3 {[%emt 0:01:30]} Nf5 {[%emt 0:02:30]} 14. Nc2 {[%emt 0:01:30]} a4 {[%emt 0:00:30]} 15. d3 {[%emt 0:09:30]} h5 {[%emt 0:05:30]} 16. Bd2 {[%emt 0:06:30]} Ra7 {[%emt 0:15:30]} 17. Ne2 {[%emt 0:03:30]} Ne5 {[%emt 0:01:30]} 18. Bc3 {[%emt 0:03:30]} e6 {[%emt 0:02:30]} 19. Kh2 {[%emt 0:09:30]} Bc6 {[%emt 0:04:30]} 20. e4 {[%emt 0:00:30]} Ne7 {[%emt 0:00:30]} 21. f4 {[%emt 0:01:30]} Nd7 {[%emt 0:00:00]} 22. Bxg7 {[%emt 0:04:30]} Kxg7 {[%emt 0:00:00]} 23. d4 {[%emt 0:00:30]} b6 {[%emt 0:07:31]} 24. Nc3 {[%emt 0:02:30]} cxd4 {[%emt 0:02:37]} 25. Qxd4+ {[%emt 0:02:30]} Kg8 {[%emt 0:00:23]} 26. Nb5 {[%emt 0:09:12]} Bxb5 {[%emt 0:01:43]} 27. cxb5 {[%emt 0:00:01]} Nc5 {[%emt 0:00:58]} 28. Nb4 {[%emt 0:04:40]} Qd7 {[%emt 0:01:25]} 29. f5 {[%emt 0:02:31]} exf5 {[%emt 0:01:24]} 30. Nc6 {[%emt 0:02:37]} Rc7 {[%emt 0:00:38]} 31. Nxe7+ {[%emt 0:01:06]} Qxe7 {[%emt 0:00:00]} 32. exf5 {[%emt 0:00:00]} Qe5 {[%emt 0:03:06]} 33. Qh4 {[%emt 0:00:26]} Re7 {[%emt 0:01:09]} 34. Rbd1 {[%emt 0:02:08]} Ree8 {[%emt 0:01:39]} 35. Rf2 {[%emt 0:02:03]} Qe3 {[%emt 0:03:41]} 36. Qd4 {[%emt 0:00:52]} Qg5 {[%emt 0:00:58]} 37. h4 {[%emt 0:00:28]} Qe7 {[%emt 0:00:40]} 38. Qxd6 {[%emt 0:01:23]} Qe3 {[%emt 0:00:29]} 39. Qd4 {[%emt 0:01:41]} Qxd4 {[%emt 0:00:42]} 40. Rxd4 {[%emt 0:00:30]} Rd8 {[%emt 0:00:00]} 41. Rfd2 {[%emt 0:00:31]} Rxd4 {[%emt 0:00:56]} 42. Rxd4 {[%emt 0:00:01]} gxf5 {[%emt 0:00:00]} 43. Bc6 {[%emt 0:01:39]} Kg7 {[%emt 0:00:26]} 44. Bf3 {[%emt 0:00:24]} Re8 {[%emt 0:00:43]} 45. Bxh5 {[%emt 0:00:15]} Re6 {[%emt 0:00:33]} 46. Kg2 {[%emt 0:00:39]} Kf6 {[%emt 0:00:26]} 47. Bd1 {[%emt 0:00:25]} Re1 {[%emt 0:00:33]} 48. Kf2 {[%emt 0:01:01]} Rh1 {[%emt 0:00:10]} 49. Kg2 {[%emt 0:00:51]} Re1 {[%emt 0:00:30]} 50. Kf2 {[%emt 0:00:30]} Rh1 {[%emt 0:00:00]} 51. Bxa4 {[%emt 0:00:14]} Rh2+ {[%emt 0:00:00]} 52. Ke3 {[%emt 0:01:07]} Rxb2 {[%emt 0:00:00]} 53. Bd1 {[%emt 0:00:01]} Rxb5 {[%emt 0:00:06]} 54. Bc2 {[%emt 0:00:33]} Rb2 {[%emt 0:00:32]} 55. Rc4 {[%emt 0:00:32]} Ra2 {[%emt 0:01:00]} 56. Rc3 {[%emt 0:00:33]} Ke5 {[%emt 0:00:46]} 57. h5 {[%emt 0:00:47]} Ra1 {[%emt 0:00:00]} 58. Kf3 {[%emt 0:00:05]} Rh1 {[%emt 0:00:17]} 59. a4 {[%emt 0:00:27]} Ne6 {[%emt 0:00:30]} 60. Kg2 {[%emt 0:00:30]} Rxh5 {[%emt 0:00:30]} 61. Bd1 {[%emt 0:00:30]} Rg5 {[%emt 0:00:30]} 62. Rb3 {[%emt 0:00:33]} Rg6 {[%emt 0:01:34]} 63. Rb5+ {[%emt 0:00:09]} Ke4 {[%emt 0:00:49]} 64. Bc2+ {[%emt 0:00:28]} Ke3 {[%emt 0:00:33]} 65. Rxf5 {[%emt 0:00:37]} Rg7 {[%emt 0:00:31]} 66. Rf3+ {[%emt 0:00:42]} Kd4 {[%emt 0:00:22]} 67. Bb3 {[%emt 0:00:30]} Ng5 {[%emt 0:00:58]} 68. Rf4+ {[%emt 0:00:38]} Ne4 {[%emt 0:00:12]} 69. g4 {[%emt 0:00:28]} f5 {[%emt 0:00:44]} 70. Kf3 {[%emt 0:00:35]} fxg4+ {[%emt 0:00:34]} 71. Rxg4 {[%emt 0:00:21]} Rxg4 {[%emt 0:00:56]} 72. Kxg4 {[%emt 0:00:30]} Nc5 {[%emt 0:00:00]} 73. Bf7 {[%emt 0:00:28]} Nxa4 {[%emt 0:00:00]} 74. Be8 {[%emt 0:00:00]} b5 {[%emt 0:00:30]} 75. Bxb5 {[%emt 0:00:14]} 1/2-1/2

[Event "Turkish Second League 2019"]
[Site "Konya"]
[Date "2019.07.25"]
[Round "6"]
[White "Ozsakallioglu, Okan"]
[Black "Bashirli, Nail"]
[Result "1-0"]
[WhiteElo "2243"]
[BlackElo "2367"]
[Annotator "TA"]
[PlyCount "103"]
[EventDate "2019.07.22"]
[EventType "team-tourn"]
[EventCountry "TUR"]
[SourceTitle "playchess.com"]
[Source "ChessBase"]
[SourceQuality "1"]

{[%evp 17,103,14,31,-61,-87,-74,-62,-79,-75,-78,-75,-135,-139,-139,-134,-135,-92,-141,-130,-130,-123,-128,-113,-93,-88,-99,-84,-93,-84,-118,-70,-136,-87,-91,-46,-114,-35,-38,-50,-35,-48,-41,-29,-50,0,-18,0,0,0,0,1,35,34,35,22,78,132,125,119,114,91,47,31,0,0,0,235,23,46,4,6,18,90,0,0,0,22,28,1978,1912,29986,29987,29987,29988,29988,950,29989,29989]} 1. e4 c5 2. Nf3 d6 3. d4 cxd4 4. Nxd4 Nf6 5. Nc3 Nc6 6. f3 e5 7. Nb3 Be7 8. Be3 O-O 9. Qd2 a5 {[%cal Ba7a5,Ba5a4][%mdl 32]} 10. Nd5 {B56: Classical Sicilian: Unusual Lines} (10. Bb5 $14) (10. Bb5 Be6 11. O-O-O Na7 12. Bxa7 Rxa7 13. a4 Ra8 14. Kb1 Ne8 15. Nd5 Bg5 16. Qd3 Nc7 17. Nxc7 Qxc7 18. Qxd6 Qxd6 19. Rxd6 {1-0 (64) Vachier Lagrave,M (2780)-Alekseenko,K (2637) chess.com INT 2019}) 10... Nxd5 11. exd5 a4 12. Nc1 {[#]Black is slightly better.} Nd4 $1 {[%mdl 512]} 13. Bd3 (13. Bxd4 exd4) 13... Bh4+ 14. Kf1 $146 (14. Bf2 $142) ({Predecessor:} 14. Bf2 Bg5 15. Qb4 Bxc1 16. Rxc1 Qg5 17. O-O Bh3 {0-1 (84) Marosi,L (2293)-Papp,G (2603) Hungary 2018}) 14... Nf5 $17 15. Bxf5 Bxf5 16. Ne2 Qa5 17. c3 Qa6 18. g3 Be7 19. Kf2 Rac8 20. Rad1 Bd7 21. h4 b5 22. a3 Rc4 23. h5 Bd8 24. Nc1 (24. h6 $15 g6 25. Nc1) 24... f5 25. Nd3 Bb6 26. f4 (26. h6 $15) 26... Re4 (26... Bxe3+ $17 27. Qxe3 Re8 28. fxe5 dxe5) 27. Bxb6 $15 Qxb6+ 28. Kg2 Qb7 29. Nf2 Rc4 30. h6 $1 g6 31. fxe5 f4 32. Rhe1 dxe5 33. Rxe5 fxg3 34. Kxg3 Qb6 {Strongly threatening ...Qf6.} 35. Qe3 Qd6 {aiming for ...Rcf4!} 36. Rd4 Rc7 (36... Rf5 $142 37. Nd3 g5) 37. Rf4 $16 {Rxf8+ is the strong threat.} Bf5 38. Kg2 Rcf7 39. Kg1 g5 40. Rd4 Qxh6 41. d6 Qg7 $2 (41... Qf6 $11 {and Black is okay.}) 42. Rxb5 $2 ({White must play} 42. d7 $1 $18 {[%cal Rd7d8]} Rxd7 43. Rxf5 $1 {[%mdl 576] Decoy} Rxf5 44. Qe6+ Qf7 45. Qxd7 Qxd7 46. Rxd7) 42... h6 $11 {White must now prevent ...Bd7.} 43. Re5 (43. Rxf5 $5 Rxf5 44. d7 Rxf2 45. d8=Q (45. Qxf2 Rxf2 46. d8=Q+ Rf8 $14) 45... Rxd8 46. Rxd8+ Rf8 47. Qe6+ Kh8 48. Rd6 $14) 43... Bd7 44. Re7 Qg6 {[#]} (44... Qf6 $11) 45. Rxf7 (45. Qe4 $1 $16 {[%cal Re4g6]} Qf6 46. Rd2) 45... Rxf7 46. Nd3 Bc6 47. Qe2 Bf3 $2 {[%mdl 8192]} (47... h5 $11) 48. Qe8+ $18 {[%mdl 64] Double Attack} Kg7 49. d7 Qh5 50. Qe5+ Kh7 51. Qh2 (51. d8=Q {leads to mate.} Qh1+ 52. Kf2 Qg2+ 53. Ke1 Qg1+ 54. Kd2 Qd1+ 55. Ke3 Qe2#) (51. Nf2 $142 Qg6 52. d8=Q Qg7 53. Qxg7+ Kxg7 54. Rxa4 Bb7 55. Qb6 Kg8 56. Rd4) 51... Qg6 52. Rd6 {Accuracy: White = 44%, Black = 27%.} 1-0

[Event "Turkish Second League 2019"]
[Site "Konya"]
[Date "2019.07.25"]
[Round "6"]
[White "Ozenir, Ekin Baris"]
[Black "Buke, Furkan"]
[Result "1-0"]
[WhiteElo "2235"]
[BlackElo "1959"]
[Annotator "NA"]
[PlyCount "63"]
[EventDate "2019.07.22"]
[EventType "team-tourn"]
[EventCountry "TUR"]
[SourceTitle "playchess.com"]
[Source "ChessBase"]
[SourceQuality "1"]
[TimeControl "5400+30"]

1. d4 {[%emt 0:00:30]} Nf6 {[%emt 0:00:30]} 2. c4 {[%emt 0:00:00]} e6 {[%emt 0:00:00]} 3. Nc3 {[%emt 0:00:00]} Bb4 {[%emt 0:01:00]} 4. e3 {[%emt 0:00:30]} O-O {[%emt 0:00:00]} 5. Bd3 {[%emt 0:00:00]} d5 {[%emt 0:02:00]} 6. Nf3 {[%emt 0:01:00]} c5 {[%emt 0:01:30]} 7. O-O {[%emt 0:00:00]} cxd4 {[%emt 0:00:30]} 8. exd4 {[%emt 0:01:00]} dxc4 {[%emt 0:00:30]} 9. Bxc4 {[%emt 0:00:30]} b6 {[%emt 0:09:30]} 10. a3 {[%emt 0:11:30]} Bxc3 {[%emt 0:00:30]} 11. bxc3 {[%emt 0:01:30]} Bb7 {[%emt 0:00:30]} 12. Bd3 {[%emt 0:02:30]} Qc7 {[%emt 0:01:30]} 13. c4 {[%emt 0:08:30]} Nbd7 {[%emt 0:01:30]} 14. Bb2 {[%emt 0:03:30]} Rfd8 {[%emt 0:05:30]} 15. Re1 {[%emt 0:07:30]} Qf4 {[%emt 0:03:30]} 16. Qc1 {[%emt 0:11:30]} Nh5 {[%emt 0:09:30]} 17. Qe3 {[%emt 0:03:30]} Qxe3 {[%emt 0:03:30]} 18. Rxe3 {[%emt 0:08:30]} Nf4 {[%emt 0:02:30]} 19. Bf1 {[%emt 0:01:30]} Rac8 {[%emt 0:00:30]} 20. a4 {[%emt 0:02:30]} a5 {[%emt 0:05:30]} 21. Nd2 {[%emt 0:05:30]} Bc6 {[%emt 0:06:30]} 22. Ne4 {[%emt 0:04:30]} Nb8 {[%emt 0:01:30]} 23. f3 {[%emt 0:02:30]} Na6 {[%emt 0:01:30]} 24. Rb3 {[%emt 0:04:37]} Nb4 {[%emt 0:00:30]} 25. Bc3 {[%emt 0:01:13]} Nc2 {[%emt 0:02:30]} 26. Ra2 {[%emt 0:03:54]} Nxd4 {[%emt 0:00:30]} 27. Rxb6 {[%emt 0:00:15]} Nf5 {[%emt 0:22:41]} 28. Bxa5 {[%emt 0:02:33]} Rd1 {[%emt 0:00:23]} 29. Bd2 {[%emt 0:06:25]} Ne2+ {[%emt 0:03:20]} 30. Kf2 {[%emt 0:00:05]} Nc1 {[%emt 0:00:46]} 31. Rab2 {[%emt 0:01:32]} Bxa4 {[%emt 0:03:33]} 32. Nc3 {[%emt 0:00:51]} 1-0

[Event "Turkish Second League 2019"]
[Site "Konya"]
[Date "2019.07.25"]
[Round "6"]
[White "Ozturk, Emir"]
[Black "Karaoglan, Doruk"]
[Result "1-0"]
[WhiteElo "2216"]
[BlackElo "2278"]
[Annotator "NA"]
[PlyCount "133"]
[EventDate "2019.07.22"]
[EventType "team-tourn"]
[EventCountry "TUR"]
[SourceTitle "playchess.com"]
[Source "ChessBase"]
[SourceQuality "1"]
[TimeControl "5400+30"]

1. d4 {[%emt 0:00:30]} Nf6 {[%emt 0:00:30]} 2. c4 {[%emt 0:00:00]} g6 {[%emt 0:00:30]} 3. Nf3 {[%emt 0:00:00]} Bg7 {[%emt 0:00:00]} 4. g3 {[%emt 0:00:30]} O-O {[%emt 0:00:00]} 5. Bg2 {[%emt 0:00:00]} d6 {[%emt 0:00:30]} 6. Nc3 {[%emt 0:00:00]} Nbd7 {[%emt 0:00:30]} 7. O-O {[%emt 0:00:30]} e5 {[%emt 0:01:30]} 8. e4 {[%emt 0:00:30]} exd4 {[%emt 0:00:30]} 9. Nxd4 {[%emt 0:00:00]} Re8 {[%emt 0:01:30]} 10. h3 {[%emt 0:02:00]} a6 {[%emt 0:00:30]} 11. Re1 {[%emt 0:08:30]} Rb8 {[%emt 0:00:30]} 12. a4 {[%emt 0:00:30]} a5 {[%emt 0:05:30]} 13. Ndb5 {[%emt 0:02:30]} Nc5 {[%emt 0:21:30]} 14. Bf4 {[%emt 0:12:30]} Nfd7 {[%emt 0:14:30]} 15. Qc2 {[%emt 0:13:30]} Ne5 {[%emt 0:10:30]} 16. Rad1 {[%emt 0:02:30]} Be6 {[%emt 0:07:30]} 17. b3 {[%emt 0:02:30]} Qd7 {[%emt 0:12:30]} 18. Kh2 {[%emt 0:00:30]} Rbd8 {[%emt 0:01:33]} 19. Bg5 {[%emt 0:02:30]} Ra8 {[%emt 0:02:44]} 20. Be3 {[%emt 0:00:30]} Qc8 {[%emt 0:02:11]} 21. f4 {[%emt 0:04:30]} Nc6 {[%emt 0:00:13]} 22. Nd5 {[%emt 0:07:30]} Na6 {[%emt 0:04:55]} 23. Qf2 {[%emt 0:01:30]} f5 {[%emt 0:02:59]} 24. Ndxc7 {[%emt 0:08:30]} Nxc7 {[%emt 0:00:35]} 25. Nxd6 {[%emt 0:00:00]} Qb8 {[%emt 0:03:42]} 26. exf5 {[%emt 0:02:00]} Bxf5 {[%emt 0:00:48]} 27. Nxe8 {[%emt 0:00:30]} Nxe8 {[%emt 0:02:24]} 28. g4 {[%emt 0:03:30]} Be6 {[%emt 0:01:31]} 29. Bb6 {[%emt 0:01:30]} Bf7 {[%emt 0:00:25]} 30. Kh1 {[%emt 0:02:30]} Qc8 {[%emt 0:00:47]} 31. Re2 {[%emt 0:04:49]} Nf6 {[%emt 0:00:29]} 32. Bf3 {[%emt 0:02:22]} Qf8 {[%emt 0:00:49]} 33. Bc5 {[%emt 0:03:53]} Qc8 {[%emt 0:00:22]} 34. Kg2 {[%emt 0:00:15]} Nd7 {[%emt 0:00:58]} 35. Bd6 {[%emt 0:00:42]} Ra6 {[%emt 0:00:27]} 36. g5 {[%emt 0:00:27]} Nb4 {[%emt 0:00:44]} 37. Re7 {[%emt 0:01:24]} Nc6 {[%emt 0:00:37]} 38. Re2 {[%emt 0:03:40]} Nf8 {[%emt 0:00:23]} 39. Bg4 {[%emt 0:00:32]} Qa8 {[%emt 0:00:15]} 40. Kh2 {[%emt 0:00:20]} Qa7 {[%emt 0:00:20]} 41. Bc5 {[%emt 0:01:52]} Qb8 {[%emt 0:00:32]} 42. Kg2 {[%emt 0:00:37]} Qa8 {[%emt 0:00:34]} 43. Qf3 {[%emt 0:01:24]} Qb8 {[%emt 0:00:46]} 44. Rd6 {[%emt 0:00:33]} Qc7 {[%emt 0:00:44]} 45. Rd1 {[%emt 0:03:45]} Ra8 {[%emt 0:00:06]} 46. Qf2 {[%emt 0:01:09]} Ra6 {[%emt 0:00:34]} 47. Kg3 {[%emt 0:00:26]} h5 {[%emt 0:00:46]} 48. gxh6 {[%emt 0:01:45]} Bxh6 {[%emt 0:00:02]} 49. Re4 {[%emt 0:00:11]} g5 {[%emt 0:01:01]} 50. Bxf8 {[%emt 0:00:23]} Bxf8 {[%emt 0:00:34]} 51. Rd7 {[%emt 0:00:38]} Qb6 {[%emt 0:00:03]} 52. fxg5 {[%emt 0:01:04]} Qxf2+ {[%emt 0:00:36]} 53. Kxf2 {[%emt 0:00:05]} Rb6 {[%emt 0:00:00]} 54. Bd1 {[%emt 0:00:50]} Nb4 {[%emt 0:00:33]} 55. Rf4 {[%emt 0:00:59]} Bg6 {[%emt 0:00:26]} 56. Kg2 {[%emt 0:00:01]} Bc5 {[%emt 0:00:37]} 57. Rf6 {[%emt 0:00:36]} Rxf6 {[%emt 0:00:58]} 58. gxf6 {[%emt 0:00:03]} b6 {[%emt 0:00:00]} 59. Rg7+ {[%emt 0:00:35]} Kf8 {[%emt 0:00:03]} 60. Rxg6 {[%emt 0:00:05]} Nd3 {[%emt 0:00:06]} 61. Rh6 {[%emt 0:00:05]} Be3 {[%emt 0:00:30]} 62. Rh7 {[%emt 0:00:30]} Bg5 {[%emt 0:00:30]} 63. Bh5 {[%emt 0:01:30]} Nf4+ {[%emt 0:00:00]} 64. Kf3 {[%emt 0:00:34]} Nxh5 {[%emt 0:00:28]} 65. Rxh5 {[%emt 0:00:09]} Bxf6 {[%emt 0:00:04]} 66. Rf5 {[%emt 0:00:07]} Ke7 {[%emt 0:00:04]} 67. Rxf6 {[%emt 0:00:05]} 1-0